000 00480nam a2200193Ia 4500
008 170705s9999 xx 000 0 und d
020 _a9780439883801
245 4 _aThe gate of days /
245 _cGuillaume Prevost ; translated by William Rodarmor.
260 _aNew York :
260 _bScholastic,
260 _c2007
300 _a249 pages :
300 _bcolor illustration ;
300 _c19cm.
440 _aThe book of time ;
440 _vII
500 _a800
999 _c336608
_d336608